000 00509nam a2200205 a 4500
001 BRCA_6537
005 20190320205509.0
008 290911s1911----gw-#######---#000-0#ger-#
041 _ager
044 _agw
050 4 _aPT2617
_b.E83 A34
_c1911
100 1 _aHerzog, Rudolf
_d1869
_916317
245 1 0 _aDer Adjutant
_cRudolf Herzog.
260 _aStuttgart
_bF.F. Cotta´sche
_c1911
300 _a212 p.
_c19 cm.
500 _aL78
650 1 4 _aLiteratura Alemana
_96160
902 _aGFM
942 _2lcc
_cB
999 _c6221
_d6221